Statistics for Islands by Satellite Image #2

Click here to take the quiz!

General Stats

  • This quiz has been taken 10,187 times
  • The average score is 10 of 16

Answer Stats

Answer % Correct
Cyprus
93%
Sri Lanka
90%
Manhattan
84%
North Island
74%
Sicily
74%
Hispaniola
70%
Tasmania
67%
Taiwan
66%
Crete
65%
Newfoundland
60%
Trinidad
55%
Baffin Island
52%
Palm Jumeirah
52%
Luzon
42%
Sulawesi
39%
Mallorca
25%

Score Distribution

Percentile by Number Answered

Percent of People with Each Score

Your Score History

You have not taken this quiz